Catálogo
 En Linea

Guiados por el espiritu vividos en comunidad: catequesis de iniciación cristiana. (Registro nro. 28979)

Detalles MARC
000 -CABECERA
campo de control de longitud fija 00285nam a2200097 a 4500
005 - FECHA Y HORA DE LA ÚLTIMA TRANSACCIÓN
campo de control 20200930055603.0
008 - DATOS DE LONGITUD FIJA--INFORMACIÓN GENERAL
campo de control de longitud fija 110415s2004 000 spa d
040 ## - FUENTE DE LA CATALOGACIÓN
Centro catalogador/agencia de origen DO-SdBNP
245 #0 - MENCIÓN DE TÍTULO
Título Guiados por el espiritu vividos en comunidad: catequesis de iniciación cristiana.
260 ## - PUBLICACIÓN, DISTRIBUCIÓN, ETC.
Fecha de publicación, distribución, etc. [s.f.].

No hay ítems disponibles.

Con tecnología Koha